00411cam a2200145 a 4500020002500000020002200025041000800047082001900055100002200074245003900096260004000135300001800175490003100193650004100224 a9781587432774 (pbk.) a1587432773 (pbk.) aENG00a222.11092bBIN1 aBinz, Stephen J.,10aAbraham : Father of all Believers aGrand Rapids, MI :bBrazos,cc2011. axxi, 170 p. ;1 aAncient-future Bible study 0aBible - Genesis aPatriarchs (Bible)